000 00306nam a22001457a 4500
003 SGT
020 _a97893943644707
082 _a346.066
_bSIN
100 _aSINGH AVTAR
245 _aCOMPANY LAW
250 _a16
260 _aLUCKNOW
_bEASTERN BOOK COMPANY
_c2023
300 _a794
942 _2ddc
_cBK
_015
999 _c25745
_d25745